000 00465nam a22001337a 4500
005 20241107094607.0
008 241107b |||||||| |||| 00| 0 eng d
245 _aThe Ghana Law Reports 2016-17
260 _aAccra, Ghana
_bCouncil for Law Reporting
_c2019
300 _alxiii, 803 Pages
_c24.5 cm
500 _aCases determined by the High Court, the Court of Appeal and the Supreme Court of the Republic of Ghana.
650 _2Law Reports
_xGhana
942 _2lcc
_cBK
_n0
999 _c777
_d777